| 000 | 00589nam a2200205Ia 4500 | ||
|---|---|---|---|
| 001 | 5463 | ||
| 003 | GE_BSU | ||
| 008 | 181216s||||||||xx |||||||||||||| ||und|| | ||
| 040 | _cGE_BSU | ||
| 080 | _a531(075.8) | ||
| 100 | _aЖирнов Н.И. | ||
| 245 | _aКлассическая механика. | ||
| 245 | _bучеб. пособие для студ. физ-мат фак. пед ин-тов. | ||
| 260 | _aМосква | ||
| 260 | _bПросвещение | ||
| 260 | _c1980 | ||
| 300 | _a302 с. 22 см. | ||
| 653 | _aКлассическая механика. | ||
| 942 | _cBK | ||
| 999 |
_c38991 _d38991 |
||